Zahraničná politka ČĽR za prezidenta Ťiang Ce-mina bakalárska práca

Na minha lista:
Detalhes bibliográficos
Autor principal: Kosek, Peter
Autor Corporativo: Fakulta medzinárodných vzťahov EU. Katedra medzinárodných ekonomických vzťahov a hospodárskej diplomacie
Outros Autores: Ondriaš, Juraj, 1988-
Formato: Livro
Idioma:eslovaco
Publicado em: Bratislava 2021
Tags: Adicionar Tag
Sem tags, seja o primeiro a adicionar uma tag!

MARC

LEADER 00000nbm a2200000 4500
001 0275437
005 20220222102259.3
041 0 |a slo 
044 |a SK 
245 1 0 |a Zahraničná politka ČĽR za prezidenta Ťiang Ce-mina  |b bakalárska práca  |c Peter Kosek ; školiteľ: Juraj Ondriaš 
264 1 |a Bratislava  |c 2021 
300 |a 46 s. 
100 1 |a Kosek, Peter 
700 1 |a Ondriaš, Juraj, 1988- 
710 2 |a Fakulta medzinárodných vzťahov EU. Katedra medzinárodných ekonomických vzťahov a hospodárskej diplomacie